000 01153nam a2200253Ia 4500
003 OSt
005 20220930094922.0
006 a|||||r|||| 00| 0
007 ta
008 220926b |||||||| |||| 00| 0 hin d
024 _a35372
037 _cTheses
040 _aCRL
_cCRL
_bhin
041 _2hin
_ahin
100 _aरानी, ले.
_9159534
110 _aदिल्ली विश्वविद्यालय. संगीत एवं ललित कला संकाय. संगीत विभाग
245 0 _aहिन्दुस्तानी संगीत में पं. कुमार गंधर्व का सृजनात्मक योगदान
_b एक अध्ययन।
246 _aHindustānī sangīt mean pan. Kumār gandharva kā sṛujanātmak yogadāna: ek adhyayana।
260 _c2016
300 _a291पृ.
_ap.
_ccm.
700 _aदिल्ली विश्वविद्यालय. संगीत एवं ललित कला संकाय. संगीत विभाग
942 _cDIS
_2CC
999 _c887956
_d887956